Click Quiz: All 2-Letter Country Codes - Statistics

General Stats
  • This quiz has been taken 54 times
  • The average score is 88 of 194
Answer Stats
Hint Answer % Correct
Italy IT
70%
Taiwan TW
70%
Burkina Faso BF
67%
Canada CA
67%
Cape Verde CV
67%
Ecuador EC
67%
Jordan JO
67%
Luxembourg LU
67%
Philippines PH
67%
Rwanda RW
67%
South Sudan SS
67%
Uganda UG
67%
Australia AU
63%
Costa Rica CR
63%
Cyprus CY
63%
Djibouti DJ
63%
Egypt EG
63%
Ethiopia ET
63%
Fiji FJ
63%
France FR
63%
United Kingdom GB
63%
Haiti HT
63%
Hungary HU
63%
Iraq IQ
63%
Jamaica JM
63%
Japan JP
63%
New Zealand NZ
63%
Oman OM
63%
Pakistan PK
63%
Qatar QA
63%
Romania RO
63%
Russia RU
63%
San Marino SM
63%
Thailand TH
63%
Tajikistan TJ
63%
Tanzania TZ
63%
United States US
63%
Andorra AD
60%
Belgium BE
60%
Colombia CO
60%
Czechia CZ
60%
Finland FI
60%
Iran IR
60%
Kiribati KI
60%
Kuwait KW
60%
Lebanon LB
60%
Norway NO
60%
Peru PE
60%
Poland PL
60%
Portugal PT
60%
Saudi Arabia SA
60%
Tunisia TN
60%
Trinidad and Tobago TT
60%
Yemen YE
60%
Afghanistan AF
57%
Albania AL
57%
Azerbaijan AZ
57%
Bulgaria BG
57%
Ghana GH
57%
Mexico MX
57%
Mozambique MZ
57%
Namibia NA
57%
Sierra Leone SL
57%
Turkmenistan TM
57%
Uzbekistan UZ
57%
Argentina AR
53%
Bolivia BO
53%
Cuba CU
53%
Germany DE
53%
Spain ES
53%
Guinea GN
53%
Greece GR
53%
Guyana GY
53%
Indonesia ID
53%
Kenya KE
53%
São Tomé and Príncipe ST
53%
Syria SY
53%
Turkey TR
53%
Tuvalu TV
53%
Ukraine UA
53%
Brazil BR
50%
Botswana BW
50%
China CN
50%
Denmark DK
50%
Eritrea ER
50%
Federated States of Micronesia FM
50%
Honduras HN
50%
India IN
50%
Kazakhstan KZ
50%
Laos LA
50%
Lithuania LT
50%
Nicaragua NI
50%
Sudan SD
50%
Slovakia SK
50%
Somalia SO
50%
Zambia ZM
50%
Zimbabwe ZW
50%
Bahrain BH
47%
Belize BZ
47%
Ivory Coast CI
47%
Ireland IE
47%
Lesotho LS
47%
Latvia LV
47%
Monaco MC
47%
Malawi MW
47%
Panama PA
47%
Uruguay UY
47%
Venezuela VE
47%
Vietnam VN
47%
Austria AT
43%
Switzerland CH
43%
Dominican Republic DO
43%
Georgia GE
43%
Liechtenstein LI
43%
Madagascar MG
43%
Nigeria NG
43%
Nepal NP
43%
Nauru NR
43%
Papua New Guinea PG
43%
Singapore SG
43%
Togo TG
43%
Armenia AM
40%
Chile CL
40%
Estonia EE
40%
Gabon GA
40%
Guatemala GT
40%
Croatia HR
40%
Malta MT
40%
Suriname SR
40%
United Arab Emirates AE
37%
Barbados BB
37%
Brunei BN
37%
Dominica DM
37%
Iceland IS
37%
Mali ML
37%
Netherlands NL
37%
Paraguay PY
37%
Sweden SE
37%
East Timor TL
37%
South Africa ZA
37%
Central African Republic CF
33%
Kyrgyzstan KG
33%
Saint Kitts and Nevis KN
33%
Libya LY
33%
Moldova MD
33%
Mauritius MU
33%
Vatican City VA
33%
Vanuatu VU
33%
Antigua and Barbuda AG
30%
Republic of the Congo CG
30%
Grenada GD
30%
Gambia GM
30%
Palau PW
30%
El Salvador SV
30%
Bangladesh BD
27%
Belarus BY
27%
Equatorial Guinea GQ
27%
Israel IL
27%
South Korea KR
27%
Liberia LR
27%
Mauritania MR
27%
Senegal SN
27%
Tonga TO
27%
Saint Vincent and the Grenadines VC
27%
Burundi BI
23%
Bahamas BS
23%
Bhutan BT
23%
Montenegro ME
23%
Maldives MV
23%
Serbia RS
23%
Seychelles SC
23%
Eswatini SZ
23%
Angola AO
20%
Democratic Republic of the Congo CD
20%
Saint Lucia LC
20%
North Macedonia MK
20%
Myanmar MM
20%
Malaysia MY
20%
Niger NE
20%
Samoa WS
20%
Bosnia and Herzegovina BA
17%
Algeria DZ
17%
Guinea-Bissau GW
17%
Cambodia KH
17%
North Korea KP
17%
Sri Lanka LK
17%
Morocco MA
17%
Marshall Islands MH
17%
Mongolia MN
17%
Benin BJ
13%
Comoros KM
13%
Slovenia SI
13%
Chad TD
13%
Solomon Islands SB
7%
No matching quizzes found
Score Distribution
Percent of People with Each Score
Percentile by Number Answered
Your Score History
You have not taken this quiz